| 000 | 00371nam a2200145Ia 4500 | ||
|---|---|---|---|
| 008 | 150201s2002 xx 000 0 und d | ||
| 082 |
_a617.69 _bT2002M |
||
| 100 | _aMALONE, W.F.T. | ||
| 245 | _aTYLMANS THEORY AND PRACTICE OF FIXED PROSTHODONTICS | ||
| 250 | _a8TH | ||
| 260 |
_bAITBS _aDELHI _c2002 |
||
| 300 | _a1-461 | ||
| 650 | _aPROSTHODONTICS | ||
| 942 |
_2ddc _cBK _05 |
||
| 999 |
_c2863 _d2863 |
||